000
00216nam a22000857a 4500
008
170128b xxu||||| |||| 00| 0 eng d
100
_9
2616
_a
Sarna.C.S.etal.
245
_a
See Mathematics-IX
260
_a
New Delhi
_b
APC
_c
2011
999
_c
5752
_d
5752